Lecciones de derecho de la Unin̤ Europea

Detalles Bibliográficos
Autor principal: Sǹchez, Vc̕tor M.
Otros Autores: Barcel,̤ Mara̕ Juli,̉ (coaut.)
Formato: Desconocido
Lenguaje:español
Publicado: Barcelona : Bosch, 2008
Materias:
Acceso en línea:Acceso restringido

MARC

LEADER 00000ny a22000003n 4500
005 20110615115856.0
008 090422s2009 sp 000 0 spa d
020 |a 9788476988312 
035 |a 3372 
040 |a SpMaUCDE.  |d vLex 
080 |a 341.176(4-672UE) 
090 |c 696  |d 696 
100 1 |a Sǹchez, Vc̕tor M. 
245 1 0 |a Lecciones de derecho de la Unin̤ Europea  |h [Recurso electrn̤ico]  |c Vc̕tor M. Sǹchez (dir.), Maria Juli ̉Barcel̤ 
256 |a Servicio en ln̕ea 
260 |a Barcelona :  |b Bosch,   |c 2008 
300 |a 347 p. ;  |c 24 cm 
506 1 |a Contenido solo disponible en los productos indicados  |d vLex Global  |d vLex Global (Academic Edition, excluding Law Schools)  |d vLex Global (U.S. Academic Edition, Law Schools)  |d vLex Global (U.S. Academic Edition, excluding Law Schools)  |d vLex Global (Academic Edition, Law Schools) 
610 2 4 |a Unin̤ Europea  
650 0 4 |a Derecho  |z Pas̕es de la Unin̤ Europea 
700 1 |a Barcel,̤ Mara̕ Juli,̉   |e coaut. 
740 0 |a vLex Libros (Servicios en ln̕ea) 
856 4 0 |u http://vlex.com/source/3372  |z Acceso restringido 
942 |c BOOK 
999 0 |a Law  |b Barcelona